Constitution of india (Record no. 30186)

MARC details
000 -LEADER
fixed length control field 00330nam a2200145Ia 4500
008 - FIXED-LENGTH DATA ELEMENTS--GENERAL INFORMATION
fixed length control field 230718s9999 xx 000 0 und d
041 ## - LANGUAGE CODE
-- Eng.
082 ## - DEWEY DECIMAL CLASSIFICATION NUMBER
Classification number 346.4
Item number SIN-C
100 ## - MAIN ENTRY--AUTHOR
Author Name Singh,M.P
245 #0 - TITLE STATEMENT
Title Constitution of india
260 ## - PUBLICATION, DISTRIBUTION, ETC.
Place of Publication Pakistan
Name of publisher, distributor, etc. Delhi Law House
Date of publication, distribution, etc. 2012
300 ## - PHYSICAL DESCRIPTION
Pages 1229
650 ## - SUBJECT ADDED ENTRY--TOPICAL TERM
Subject / Department Law
952 ## - LOCATION AND ITEM INFORMATION (KOHA)
-- 0
-- 0
Holdings
Lost status Damaged status Permanent Location Current Location Date acquired Full Call Number Accession No./Barcode Date last seen item type
    Superior Information Resource Center (SIRC) Superior University-Law Campus Superior Information Resource Center (SIRC) Superior University-Law Campus 07/18/2023 346.4 SIN-C 25137 07/18/2023 BOOK

Powered by Koha